A Tradição Intelectual do Ocidente (Registo nº 5233)
[ vista simples ]
| 000 -Etiqueta do registo | |
|---|---|
| Valores | 00582nam a22001811i 4500 |
| 090 ## - | |
| -- | 5233 |
| 100 ## - Dados gerais de processamento | |
| Dados gerais | 20170304u u u0frey50 ba |
| 101 0# - Língua de publicação | |
| -- | por |
| 200 1# - Titulo e menção de responsabilidade | |
| Primeira menção de responsabilidade | J. Bronowski |
| Título próprio | A Tradição Intelectual do Ocidente |
| 215 ## - Descrição física | |
| Paginação / Volumes | 542p |
| Dimensões | '22 cm' |
| 210 ## - Publicação | |
| Nome do editor | Edições 70 |
| Local de publicação | Lisboa |
| Data de publicação | 1983 |
| 225 2# - Colecção | |
| Título próprio da colecção | Biblioteca básica de filosofia |
| Indicação de volume | 11 |
| 410 #0 - | |
| -- | Biblioteca básica de filosofia |
| 700 #1 - Autor principal (pessoa individual) | |
| Apelido | Bronowski |
| Nome | J. |
| -- | 070 |
| ID Autoridade | 2734 |
| 701 #1 - Co-autor principal (pessoa individual) | |
| Apelido | Mazlish |
| Nome | Bruce |
| -- | 070 |
| 996 ## - ISO2709 | |
| -- | 0005691 |
| -- | BRO |
| -- | 00000000 |
| -- | 00000000 |
| -- | BMVA |
| -- | 1 |
| -- | Viana do Alentejo |
| -- | Filosofia |
| -- | 24 |
| -- | Livro |
| -- | 0 |
| -- | 1 |
| 990 ## - Elementos KOHA | |
| Tipo de documento | Livro |
| Situação do levantamento | Estado | Biblioteca de origem | Biblioteca de empréstimo | Código de barras | Cota | Permissão de empréstimo | Tipo de documento |
|---|---|---|---|---|---|---|---|
| Completo | Biblioteca Municipal de Viana Do Alentejo | Biblioteca Municipal de Viana Do Alentejo | 0007347 | 008 BRO | Disponível | Livro |